| 000 | 00372nam a2200133Ia 4500 | ||
|---|---|---|---|
| 005 | 20260328101515.0 | ||
| 008 | 260328s9999||||xx |||||||||||||| ||und|| | ||
| 100 | _aThe Museum of Modern Art | ||
| 245 | 0 |
_aPrize Designs for Modern furniture / _cThe Museum of Modern Art |
|
| 260 | _bThe Museum of Modern Art | ||
| 300 | _a77 p. | ||
| 650 | _aDISEÑO INDUSTRIAL | ||
| 942 | _cBK | ||
| 999 |
_c9358 _d9358 |
||